LEADER 01893nam 2200589 a 450 001 9910463374303321 005 20200520144314.0 010 $a1-61300-026-X 010 $a1-61583-761-2 035 $a(CKB)3360000000000283 035 $a(EBL)3116773 035 $a(SSID)ssj0000509574 035 $a(PQKBManifestationID)11308790 035 $a(PQKBTitleCode)TC0000509574 035 $a(PQKBWorkID)10573273 035 $a(PQKB)10591467 035 $a(MiAaPQ)EBC3116773 035 $a(Au-PeEL)EBL3116773 035 $a(CaPaEBR)ebr10558823 035 $a(OCoLC)922966870 035 $a(EXLCZ)993360000000000283 100 $a20051102d2006 uy 0 101 0 $aeng 135 $aur|n|---||||| 181 $ctxt 182 $cc 183 $acr 200 00$aWater chlorination/chloramination practices and principles$b[electronic resource] 205 $a2nd ed. 210 $aDenver, Colo. $cAmerican Water Works Association$dc2006 215 $a1 online resource (188 p.) 225 1 $aAWWA manual ;$vM20 300 $aRev. ed. of: Water chlorination principles and practices. 1973. 300 $a"Science and technology." 311 $a1-58321-408-9 320 $aIncludes bibliographical references and index. 327 $a""Contents""; ""Figures""; ""Tables""; ""Foreword""; ""Acknowledgments""; ""AWWA Manuals""; ""Index"" 410 0$aAWWA manual ;$vM20. 606 $aWater$xPurification$xChlorination 606 $aWater$xPurification$xChloramination 608 $aElectronic books. 615 0$aWater$xPurification$xChlorination. 615 0$aWater$xPurification$xChloramination. 676 $a628.1/662 712 02$aAmerican Water Works Association. 801 0$bMiAaPQ 801 1$bMiAaPQ 801 2$bMiAaPQ 906 $aBOOK 912 $a9910463374303321 996 $aWater chlorination$9780233 997 $aUNINA LEADER 01187nam 2200421 450 001 9910151749803321 005 20230808200313.0 010 $a1-78023-542-9 035 $a(CKB)3710000000952108 035 $a(MiAaPQ)EBC4742046 035 $a(EXLCZ)993710000000952108 100 $a20170116h20162016 uy 0 101 0 $aeng 135 $aurcnu|||||||| 181 $2rdacontent 182 $2rdamedia 183 $2rdacarrier 200 10$aJimi Hendrix $esoundscapes /$fMarie-Paule Macdonald 210 1$aLondon, England :$cReaktion Books,$d2016. 210 4$dİ2016 215 $a1 online resource (303 pages) $cillustrations 225 1 $aReverb Series 311 $a1-78023-530-5 320 $aIncludes bibliographical references and index. 410 0$aReverb series. 606 $aRock musicians$zUnited States$vBiography 606 $aRock musicians 615 0$aRock musicians 615 0$aRock musicians. 676 $a787.87166092 700 $aMacdonald$b Marie-Paule$0599299 801 0$bMiAaPQ 801 1$bMiAaPQ 801 2$bMiAaPQ 906 $aBOOK 912 $a9910151749803321 996 $aJimi Hendrix$92788846 997 $aUNINA